000 00822nas a2200253 4500
001 BR8301991
003 BR-BrBNA
005 20231205085525.0
007 ta
008 230509b bl.|||p| |||| 00| 00por d
040 _aBR-BrBNA
_bpor
_cBiblioteca Nacional de Agricultura
041 _a(Pt)
072 _aL73
100 1 _aBasile, J.R.
100 1 _aDiniz, J.M.F.
245 1 _aPatologia genital de vacas azebuadas abatidas em matadouro, 2: teratomas ovarianos [tumor]
246 1 _aGenital pathology in slaughtered crossbred zebu cows, 2: ovarian teratoma [tumor]
650 _aVACA DE CORTE
650 _aTUMOR
650 _aOVARIO
773 0 _tRevista Brasileira de Reproducao Animal (Brazil)
_x
_g(1982), v. 6(3-4) p. 25-31
_wBR8301991
909 _a202311
_bLúcia
_c55
_dLúcia Elande
942 _2AGRIS
_n0
_cANA
999 _c111984
_d111984